000 00268nam a2200109Ia 4500
008 200302s9999 xx 000 0 und d
100 _aBarty Phillips
245 _aHome Office Planner
260 _bOctopus Publishing Ggroup Ltd, London
260 _c2000
300 _a96
999 _c4447
_d4447